000 00624nam a22002057a 4500
005 20251108165030.0
008 250721s1995 xx 000 0 ara d
082 1 4 _a361.8/حسي
100 1 _aحسين، حسين محمد
245 1 0 _aطرق التدريب /
246 1 1 _atraininig technigues
264 1 _aعمان :
_c1995.
300 _a344ص.
490 0 _aأدلة العاملين بتنمية المجتمعات المحلية ؛ 5
650 1 7 _aتنظيم المجتمع
650 1 7 _aالخدمات الإجتماعية
650 1 7 _aالتدريب المهني
942 _2ddc
_cBK
999 _c20417
_d20417